LEADER 04932nam 2200685Ia 450 001 9910786309603321 005 20230801225448.0 010 $a1-283-89528-5 010 $a90-272-7328-6 035 $a(CKB)2670000000280418 035 $a(EBL)1049745 035 $a(OCoLC)822017872 035 $a(SSID)ssj0000757800 035 $a(PQKBManifestationID)12319320 035 $a(PQKBTitleCode)TC0000757800 035 $a(PQKBWorkID)10759299 035 $a(PQKB)11184810 035 $a(MiAaPQ)EBC1049745 035 $a(Au-PeEL)EBL1049745 035 $a(CaPaEBR)ebr10617479 035 $a(CaONFJC)MIL420778 035 $a(EXLCZ)992670000000280418 100 $a20120702d2012 uy 0 101 0 $aeng 135 $aur|n|---||||| 181 $ctxt 182 $cc 183 $acr 200 10$aDiscourse markers in Early Modern English$b[electronic resource] /$fUrsula Lutzky 210 $aAmsterdam ;$aPhiladelphia $cJohn Benjamins Pub. Co.$d2012 215 $a1 online resource (303 p.) 225 0 $aPragmatics & beyond new series ;$v227 300 $aOriginally presented as author's doctoral thesis at University of Vienna, 2009 under the title "Discourse markers in Early Modern English". 311 $a90-272-5632-2 320 $aIncludes bibliographical references and index. 327 $aDiscourse Markers in Early Modern English; Editorial page; Title page; LCC page; Table of contents; Acknowledgements; 1. Introduction; 1.1 Aims and scope; 1.2 Historical corpus (socio)pragmatics; 1.2.1 Historical pragmatics; 1.2.2 Historical sociopragmatics; 1.2.3 The present approach; 1.3 The Methodology; 1.4 The discourse markers; 1.5 Outline of the study; 2. Discourse markers; 2.1 Introduction; 2.2 Discourse marker characteristics; 2.2.1 Phonological and lexical features; 2.2.2 Syntactic features; 2.2.3 Semantic features; 2.2.4 Functional features 327 $a2.2.5 Sociolinguistic and stylistic features2.2.6 Conclusion; 2.3 Discourse marker functions; 2.3.1 The structural approach; 2.3.2 The predominantly structural approach; 2.3.3 The structural and attitudinal approach; 2.3.4 Discourse marker functions in the present approach; 2.4 Previous studies on historical English discourse markers; 3. Methodology and data; 3.1 Data in historical pragmatics; 3.2 Corpora and text types; 3.2.1 A Corpus of English Dialogues, 1560-1760; 3.2.2 The Parsed Corpus of Early English Correspondence; 3.2.3 The Penn-Helsinki Parsed Corpus of Early Modern English 327 $a3.2.4 Combining the three corpora3.2.5 The Drama Corpus; 4. The discourse markers marry, well and why; 4.1 Marry; 4.1.1 Etymology of marry; 4.1.2 Functions; 4.1.3 Previous studies; 4.2 Well; 4.2.1 Etymology of well; 4.2.2 Functions; 4.2.3 Previous studies; 4.3 Why; 4.3.1 Etymology of why; 4.3.2 Functions; 4.3.3 Previous studies; 5. Quantitative analysis; 5.1 Subperiod distribution; 5.2 Text type analysis; 6. Qualitative analysis; 6.1 Marry; 6.1.1 Co-text of use; 6.1.2 Structural functions; 6.1.3 Interactional functions; 6.1.4 Conclusion; 6.2 Well; 6.2.1 Co-text of use 327 $a6.2.2 Structural functions6.2.3 Interactional functions; 6.2.4 Conclusion; 6.3 Why; 6.3.1 Co-text of use; 6.3.2 Structural functions; 6.3.3 Interactional functions; 6.3.4 Conclusion; 6.4 Summary; 7. Sociopragmatic analysis; 7.1 Social status distribution; 7.2 Directions of use; 7.3 Gender distribution; 7.4 Conclusion; 8. Conclusion; 8.1 Background and methodology; 8.2 Summary of the findings; 8.2.1 Marry; 8.2.2 Well; 8.2.3 Why; 8.3 Conclusions and suggestions for further research; References; Index 330 $aThis volume provides new insights into the nature of the Early Modern English discourse markers marry, well and why through the analysis of three corpora (A Corpus of English Dialogues, 1560-1760, the Parsed Corpus of Early English Correspondence, and the Penn-Helsinki Parsed Corpus of Early Modern English). By combining both quantitative and qualitative approaches in the study of pragmatic markers, innovative findings are reached about their distribution throughout the period 1500-1760, their attestation in different speech-related text types as well 410 0$aPragmatics & Beyond New Series 606 $aEnglish language$yEarly modern, 1500-1700$xDiscourse analysis 606 $aEnglish language$xSpoken English 606 $aDiscourse markers 606 $aPragmatics 606 $aSpeech acts (Linguistics) 615 0$aEnglish language$xDiscourse analysis. 615 0$aEnglish language$xSpoken English. 615 0$aDiscourse markers. 615 0$aPragmatics. 615 0$aSpeech acts (Linguistics) 676 $a420.1/41 700 $aLutzky$b Ursula$01478167 801 0$bMiAaPQ 801 1$bMiAaPQ 801 2$bMiAaPQ 906 $aBOOK 912 $a9910786309603321 996 $aDiscourse markers in Early Modern English$93693807 997 $aUNINA LEADER 01208cam0 22003011 450 001 SOBE00078742 005 20240124123909.0 010 $a9788821306204 100 $a20240124d2006 |||||ita|0103 ba 101 $aita 102 $aIT 200 1 $aAdempiere la promessa di una classe differenziata$estrategie e strumenti per un'insegnamento attento alla diversitŕ$fCarol Ann Tomlinson 210 $aRoma$cLAS$d2006 215 $a216 p.$d24 cm 225 2 $aEnciclopedia delle scienze dell'educazione$v90 300 $aTraduzione: Angela Gheda 410 1$1001SOBE00078743$12001 $a*Enciclopedia delle scienze dell'educazione$v90 500 10$aFulfilling the promise of the differentiated classroom$3SOBA00029895$93669970 700 1$aTomlinson$b, Carol Ann$3SOBA00029894$4070$0884859 801 0$aIT$bUNISOB$c20240124$gRICA 850 $aUNISOB 852 $aUNISOB$j370$m180885 912 $aSOBE00078742 940 $aM 102 Monografia moderna SBN 941 $aM 957 $a370$b003102$gSI$d180885$n20240124$_15$rAcquisto$tV$[15$1Spinosa$2UNISOB$3UNISOB$420240124123831.0$520240124123909.0$6Spinosa 996 $aFulfilling the promise of the differentiated classroom$93669970 997 $aUNISOB LEADER 01071nam0 22002891i 450 001 UON00083847 005 20231205102439.82 010 $a08-941080-9-3 100 $a20020107d1997 |0itac50 ba 101 $aeng 102 $aUS 105 $a|||| ||||| 200 1 $aAttar of roses and other stories of Pakistan$fTahira Naqvi 210 $aBoulder$aLondon$cLynne Rienner$d1997 215 $av, 145 p.$d23 cm 606 $aLETTERATURA PAKISTANA$3UONC007504$2FI 620 $aUS$dBoulder (Colorado)$3UONL000135 620 $aGB$dLondon$3UONL003044 676 $a891.4$cLETTERATURA PAKISTANA$v21 700 1$aNAQVI$bTahira$3UONV068516$0662642 712 $aRienner$3UONV256908$4650 801 $aIT$bSOL$c20240220$gRICA 899 $aSIBA - SISTEMA BIBLIOTECARIO DI ATENEO$2UONSI 912 $aUON00083847 950 $aSIBA - SISTEMA BIBLIOTECARIO DI ATENEO$dSI VO Afr VI 026 $eSI AA 23948 5 026 996 $aAttar of roses and other stories of Pakistan$91297768 997 $aUNIOR LEADER 03611nam 2200601 450 001 9910822973303321 005 20230808193313.0 010 $a90-04-31568-3 024 7 $a10.1163/9789004315686 035 $a(CKB)3710000000709218 035 $a(EBL)4547322 035 $a(SSID)ssj0001672778 035 $a(PQKBManifestationID)16470856 035 $a(PQKBTitleCode)TC0001672778 035 $a(PQKBWorkID)14918866 035 $a(PQKB)10111514 035 $a(PQKBManifestationID)16345376 035 $a(PQKBWorkID)14918867 035 $a(PQKB)21028797 035 $a(MiAaPQ)EBC4547322 035 $a(OCoLC)942610645 035 $a(nllekb)BRILL9789004315686 035 $a(EXLCZ)993710000000709218 100 $a20160628h20162016 uy 0 101 0 $aeng 135 $aur|n|---||||| 181 $ctxt 182 $cc 183 $acr 200 14$aThe influence of Abraham Cohen de Herrara's kabbalah on Spinoza's metaphysics /$fby Miquel Beltra?n 210 1$aLeiden, Netherlands ;$aBoston, Massachusetts :$cBrill,$d2016. 210 4$d©2016 215 $a1 online resource (459 p.) 225 1 $aThe Iberian Religious World,$x2213-9141 ;$vVolume 2 300 $aDescription based upon print version of record. 311 $a90-04-31567-5 320 $aIncludes bibliographical references and indexes. 327 $tPreliminary Material /$rMiquel Beltrán -- $tIntroduction /$rMiquel Beltrán -- $t1 The Ontology of Gate of Heaven and Spinoza?s Substance /$rMiquel Beltrán -- $t2 Early Considerations of Spinoza?s Kabbalism /$rMiquel Beltrán -- $t3 Other Considerations on the Consensus between Spinoza and the Kabbalah /$rMiquel Beltrán -- $t4 The Procession of the Many /$rMiquel Beltrán -- $t5 Inconsistencies of Creation in Time /$rMiquel Beltrán -- $t6 Modes of the Divinity /$rMiquel Beltrán -- $t7 The Concept of Causa Sui in Spinoza and Its Prefiguration in Herrera /$rMiquel Beltrán -- $t8 The Forging of the Attributes and the Secret of Immanent Causation /$rMiquel Beltrán -- $t9 Amor Dei Intellectualis? /$rMiquel Beltrán -- $t10 Spinoza?s Acosmism /$rMiquel Beltrán -- $tConcluding Remarks /$rMiquel Beltrán -- $tBibliography /$rMiquel Beltrán -- $tIndex of Names /$rMiquel Beltrán -- $tIndex of Subject Matter /$rMiquel Beltrán. 330 $aIn this book the author seeks to find historiographical and textual evidence that Abraham Cohen de Herrera ?s main kabbalistic work, Puerta del Cielo , influenced Spinoza?s metaphysics as it is expounded in his later work, the Ethica . Many of the most important ontological topics maintained by the philosopher, like the concept of the first cause as substance, the procession of the infinite modes, the subjective or metaphorical reality of the attributes, and the two different understandings of God, were anticipated in Herrera?s mystical treatise. Both shared a particular consideration of panentheism that entails acosmism. This influence is proven through a comparative examination of the writings of both authors, as well as a detailed research on previous Jewish philosophical thought. 410 0$aIberian religious world ;$vVolume 2. 606 $aCabala$xInfluence 606 $aMetaphysics 615 0$aCabala$xInfluence. 615 0$aMetaphysics. 676 $a296.1/6 700 $aBeltra?n$b M$g(Miquel),$01653027 801 0$bMiAaPQ 801 1$bMiAaPQ 801 2$bMiAaPQ 906 $aBOOK 912 $a9910822973303321 996 $aThe influence of Abraham Cohen de Herrara's kabbalah on Spinoza's metaphysics$94004067 997 $aUNINA